[Event "Vecindario Montalvo Memorial 16th"]
[Site "Vecindario"]
[Date "2024.03.30"]
[Round "8"]
[White "Blanco Garcia Bajo, David"]
[Black "Perez Betancor, Jose Luis"]
[Result "1-0"]
[WhiteElo "2004"]
[BlackElo "1765"]
[PlyCount "39"]
[EventDate "2024.03.23"]
[EventType "swiss"]
[EventRounds "9"]
[EventCountry "ESP"]
[SourceTitle "CB15_2024"]
[SourceDate "2024.04.10"]
[SourceVersion "1"]
[SourceVersionDate "2024.04.10"]
[SourceQuality "1"]

1. e4 b6 2. d4 Bb7 3. Bd3 e6 4. Nf3 c5 5. c3 Nf6 6. Qe2 d5 7. e5 Nfd7 8. Na3 c4 9. Bb1 a6 10. Ng5 Be7 11. h4 Nc6 12. Bxh7 Nf8 13. Bb1 Qd7 14. Qg4 Bxa3 15. bxa3 0-0-0 16. Qf3 Ng6 17. Qxf7 Nxh4 18. Kf1 Nxe5 19. Qxd7+ Nxd7 20. Nf7 1-0

[Event "Vecindario Montalvo Memorial 16th"]
[Site "Vecindario"]
[Date "2024.03.24"]
[Round "2"]
[White "Blanco Garcia Bajo, David"]
[Black "Barlov, Dragan"]
[Result "1/2-1/2"]
[WhiteElo "2004"]
[BlackElo "2387"]
[PlyCount "119"]
[EventDate "2024.03.23"]
[EventType "swiss"]
[EventRounds "9"]
[EventCountry "ESP"]
[SourceTitle "CB15_2024"]
[SourceDate "2024.04.10"]
[SourceVersion "1"]
[SourceVersionDate "2024.04.10"]
[SourceQuality "1"]

1. e4 c5 2. Nc3 Nc6 3. Nge2 d6 4. g3 g6 5. Bg2 Bg7 6. 0-0 e6 7. d3 Nge7 8. Bg5 h6 9. Be3 Nd4 10. Rb1 Nec6 11. Qd2 Qa5 12. a3 Nxe2+ 13. Nxe2 Qxd2 14. Bxd2 Bd7 15. f4 Ke7 16. c4 a5 17. Bc3 Nd4 18. Nxd4 cxd4 19. Bd2 b5 20. b3 Rhc8 21. Rfc1 Ra7 22. Kf2 Ke8 23. cxb5 Rxc1 24. Rxc1 Bxb5 25. Ke2 Kd7 26. e5 d5 27. Be1 Bf8 28. Bf2 Bxa3 29. Bxd4 Rb7 30. Ra1 Bb4 31. Bf1 Rc7 32. Kd1 Rc6 33. Rc1 Ra6 34. Bc5 Bxc5 35. Rxc5 Rb6 36. Kc2 a4 37. bxa4 Bxa4+ 38. Kc3 Rb3+ 39. Kd4 Rb2 40. Ra5 Bc6 41. Kc5 Kc7 42. d4 Rc2+ 43. Kb4 Kb6 44. Ra6+ Kb7 45. h4 Rc1 46. Bd3 Rd1 47. Be2 Rd2 48. Bf1 Kc7 49. Ra7+ Kb6 50. Ra6+ Kb7 51. Kc5 Rc2+ 52. Kd6 Rc3 53. g4 Rc1 54. Be2 Rc2 55. Bd3 Rc3 56. Be2 Rc2 57. Bd3 Rc3 58. Be2 Rc2 59. Bd3 Rc3 60. Be2 1/2-1/2

[Event "Vecindario Montalvo Memorial 16th"]
[Site "Vecindario"]
[Date "2024.03.23"]
[Round "1"]
[White "Mayor Viera, Aaron"]
[Black "Blanco Garcia Bajo, David"]
[Result "0-1"]
[WhiteElo "1581"]
[BlackElo "2004"]
[PlyCount "62"]
[EventDate "2024.03.23"]
[EventType "swiss"]
[EventRounds "9"]
[EventCountry "ESP"]
[SourceTitle "CB15_2024"]
[SourceDate "2024.04.10"]
[SourceVersion "1"]
[SourceVersionDate "2024.04.10"]
[SourceQuality "1"]

1. d4 Nf6 2. Bf4 e6 3. Nf3 b6 4. e3 Bb7 5. Nbd2 d5 6. Bd3 c5 7. c3 a6 8. a4 Nc6 9. 0-0 Ne7 10. h3 Ng6 11. Bh2 Bd6 12. Ne5 Qc7 13. Bxg6 hxg6 14. Ndf3 Ne4 15. Rc1 Rc8 16. Nd3 Bxh2+ 17. Nxh2 g5 18. f4 f6 19. Rf3 Ke7 20. Nf2 cxd4 21. exd4 gxf4 22. Nd3 g5 23. Ng4 a5 24. Ngf2 Kf7 25. b3 Qd6 26. Qe1 Qa3 27. c4 Nxf2 28. Kxf2 dxc4 29. Ra1 Qd6 30. Ne5+ fxe5 31. dxe5 Qd4+ 0-1

[Event "Alcorcon Diagonal op 2nd"]
[Site "Alcorcon"]
[Date "2023.12.27"]
[Round "3"]
[White "Huang, Liangzhi"]
[Black "Blanco Garcia Bajo, David"]
[Result "0-1"]
[WhiteElo "1426"]
[BlackElo "1812"]
[PlyCount "90"]
[EventDate "2023.12.26"]
[EventType "swiss"]
[EventRounds "9"]
[EventCountry "ESP"]
[SourceTitle "CB01_2024"]
[SourceDate "2024.01.03"]
[SourceVersion "1"]
[SourceVersionDate "2024.01.03"]
[SourceQuality "1"]

1. e4 e6 2. d4 d5 3. Nc3 Nf6 4. e5 Nfd7 5. f4 c5 6. Nf3 Nc6 7. Be3 Rb8 8. Be2 Qa5 9. 0-0 g6 10. a4 cxd4 11. Nxd4 Qb6 12. Nb3 Qxe3+ 13. Kh1 Qb6 14. a5 Qd8 15. Nb5 a6 16. N5d4 Nc5 17. Nxc6 bxc6 18. Nd4 Qc7 19. Rb1 Nd7 20. Rf3 Bc5 21. Rc3 Bxd4 22. Qxd4 c5 23. Qa4 Bb7 24. b4 Bc6 25. b5 Bxb5 26. Bxb5 axb5 27. Rxb5 Rxb5 28. Qxb5 Ke7 29. a6 Rb8 30. Qf1 Qa5 31. Rh3 Qxa6 32. Qe1 Qe2 33. Re3 Qxe3 34. Qxe3 Rb1+ 35. Qg1 Rxg1+ 36. Kxg1 f6 37. exf6+ Kxf6 38. Kf2 Kf5 39. Ke3 e5 40. fxe5 Nxe5 41. h3 d4+ 42. Kd2 Ke4 43. c3 Nc4+ 44. Kc2 d3+ 45. Kd1 Ke3 0-1

[Event "ESP-ch U12 rapid"]
[Site "Salobrena"]
[Date "2023.07.16"]
[Round "5"]
[White "Blanco Garcia Bajo, David"]
[Black "Tallada Serret, Gerard"]
[Result "1-0"]
[WhiteElo "1521"]
[BlackElo "1958"]
[PlyCount "119"]
[EventDate "2023.07.15"]
[EventType "swiss (rapid)"]
[EventRounds "9"]
[EventCountry "ESP"]
[SourceTitle "EXT 2024"]
[Source "ChessBase"]
[SourceDate "2023.10.10"]
[SourceVersion "1"]
[SourceVersionDate "2023.10.10"]
[SourceQuality "1"]

1. b3 d5 2. Bb2 c5 3. e3 Nc6 4. Nf3 Bg4 5. Be2 e6 6. 0-0 Nf6 7. d3 Bd6 8. Nbd2 0-0 9. h3 Bh5 10. c4 Bc7 11. Rc1 dxc4 12. Nxc4 Qe7 13. Nfe5 Nxe5 14. Nxe5 Bxe2 15. Qxe2 Nd7 16. Nxd7 Qxd7 17. d4 Qd6 18. g3 cxd4 19. Rfd1 Bb6 20. Bxd4 Bxd4 21. Rxd4 Qb6 22. Rd7 Rfd8 23. Re7 Rac8 24. Rxc8 Rxc8 25. Qf3 Rf8 26. Qxb7 Qd6 27. Rd7 Qc5 28. Rc7 Qd6 29. Rc8 h6 30. Rxf8+ Kxf8 31. Qa8+ Ke7 32. Qxa7+ Kf8 33. Qd4 Qc7 34. e4 f6 35. a4 Qc1+ 36. Kg2 Qc6 37. Kh2 Ke7 38. a5 e5 39. Qc4 Qb7 40. a6 Qa7 41. Kg1 g5 42. Qb4+ Ke6 43. Qb7 Qd4 44. Qd5+ Qxd5 45. exd5+ Kxd5 46. a7 e4 47. a8Q+ Ke5 48. b4 f5 49. Qa5+ Kf6 50. b5 f4 51. gxf4 gxf4 52. Qb4 Kf5 53. b6 e3 54. fxe3 fxe3 55. b7 e2 56. b8Q e1Q+ 57. Qxe1 h5 58. Qbe5+ Kg6 59. Q1g3+ Kf7 60. Qgg7# 1-0

[Event "ESP-ch U12 rapid"]
[Site "Salobrena"]
[Date "2023.07.16"]
[Round "6"]
[White "Gonzalez Chapado, Dario"]
[Black "Blanco Garcia Bajo, David"]
[Result "0-1"]
[WhiteElo "1526"]
[BlackElo "1521"]
[PlyCount "140"]
[EventDate "2023.07.15"]
[EventType "swiss (rapid)"]
[EventRounds "9"]
[EventCountry "ESP"]
[SourceTitle "EXT 2024"]
[Source "ChessBase"]
[SourceDate "2023.10.10"]
[SourceVersion "1"]
[SourceVersionDate "2023.10.10"]
[SourceQuality "1"]

1. d4 e6 2. Nc3 d5 3. Bf4 Nf6 4. Nb5 Na6 5. e3 c6 6. Nc3 Nc7 7. Nf3 Bd6 8. Ne5 0-0 9. Bd3 Qe8 10. Ng6 Bxf4 11. Nxf8 Bd6 12. Nxh7 Nxh7 13. 0-0 Nf6 14. e4 dxe4 15. Nxe4 Nxe4 16. Bxe4 Nd5 17. Re1 Nf6 18. Bd3 c5 19. dxc5 Bxc5 20. Qf3 Qc6 21. Be2 Qxf3 22. Bxf3 Bd7 23. Rad1 Bc6 24. Bxc6 bxc6 25. Rd3 Kf8 26. Red1 Ke7 27. Kf1 Rb8 28. b3 Bb6 29. c4 Rd8 30. Ke2 Rxd3 31. Rxd3 g6 32. f3 Nh5 33. g3 Bg1 34. Kf1 Bxh2 35. g4 Nf6 36. Kg2 Bf4 37. Kf2 e5 38. Ke2 e4 39. fxe4 Nxg4 40. Rd1 Bd6 41. Kf3 Ne5+ 42. Ke3 Ke6 43. Rh1 g5 44. Rh5 g4 45. Rg5 g3 46. Ke2 Ng6 47. Kf3 Nh4+ 48. Kg4 g2 49. Kh3 Be5 50. Rg4 Bd4 51. Kxh4 g1Q 52. Rxg1 Bxg1 53. Kg4 Bd4 54. Kf3 Ke5 55. a3 Bb2 56. a4 a5 57. Ke3 Bd4+ 58. Kd3 Bc5 59. b4 Bxb4 60. Ke3 Bc5+ 61. Kf3 Bd4 62. Ke2 Kxe4 63. Kd2 Kf3 64. Kd3 Be3 65. c5 f5 66. Kc2 Ke2 67. Kb3 f4 68. Kc4 f3 69. Kb3 f2 70. Ka2 f1Q 0-1

[Event "ESP-ch U12"]
[Site "Salobrena"]
[Date "2023.07.13"]
[Round "6"]
[White "Barreiro Rebolo, Luis"]
[Black "Blanco Garcia Bajo, David"]
[Result "0-1"]
[WhiteElo "1314"]
[BlackElo "1781"]
[PlyCount "138"]
[EventDate "2023.07.10"]
[EventType "swiss"]
[EventRounds "9"]
[EventCountry "ESP"]
[SourceTitle "EXT 2024"]
[Source "ChessBase"]
[SourceDate "2023.10.10"]
[SourceVersion "1"]
[SourceVersionDate "2023.10.10"]
[SourceQuality "1"]

1. e4 e6 2. d3 d5 3. Nd2 Nc6 4. Ngf3 Nf6 5. g3 dxe4 6. dxe4 e5 7. Bg2 Bc5 8. 0-0 0-0 9. Re1 b6 10. Qe2 a5 11. Nb3 Ba6 12. c4 Bd6 13. Qc2 Qe7 14. a3 Nd7 15. Nbd2 Nc5 16. Nf1 a4 17. Ne3 Nb3 18. Rb1 Nca5 19. Bd2 Bc5 20. Nd5 Qd6 21. Bxa5 Nxa5 22. Qxa4 Nxc4 23. Qc2 c6 24. Nc3 Qe6 25. Qc1 Rfd8 26. Na4 Be7 27. Bf1 b5 28. Bxc4 Qxc4 29. Qxc4 bxc4 30. Nxe5 Bb5 31. Nc3 Bf6 32. Nxb5 Bxe5 33. Nc3 Bxc3 34. bxc3 Rxa3 35. Red1 Re8 36. Rbc1 c5 37. Rd5 f6 38. f3 Rb8 39. Rxc5 Ra2 40. Rxc4 Rbb2 41. Rd4 Rg2+ 42. Kf1 Rxh2 43. Kg1 Rhg2+ 44. Kh1 Rh2+ 45. Kg1 Rag2+ 46. Kf1 Rxg3 47. Rd3 Rh1+ 48. Kf2 Rxf3+ 49. Kxf3 Rxc1 50. Ke3 Kf7 51. Kd4 Ke6 52. Rh3 h6 53. c4 Ra1 54. Rh5 Ra7 55. c5 Ra4+ 56. Ke3 Ra1 57. Kf4 Rg1 58. Rd5 Rg5 59. Rd6+ Ke7 60. Rd5 Rxd5 61. exd5 h5 62. d6+ Ke6 63. Kg3 f5 64. Kf4 h4 65. Kf3 g5 66. Kg2 f4 67. Kf3 h3 68. Kf2 g4 69. Kg1 f3 0-1

[Event "ESP-ch U12"]
[Site "Salobrena"]
[Date "2023.07.12"]
[Round "5"]
[White "Blanco Garcia Bajo, David"]
[Black "Torres Herrera, Guillem"]
[Result "1-0"]
[WhiteElo "1781"]
[BlackElo "1503"]
[PlyCount "99"]
[EventDate "2023.07.10"]
[EventType "swiss"]
[EventRounds "9"]
[EventCountry "ESP"]
[SourceTitle "EXT 2024"]
[Source "ChessBase"]
[SourceDate "2023.10.10"]
[SourceVersion "1"]
[SourceVersionDate "2023.10.10"]
[SourceQuality "1"]

1. e4 e6 2. d4 d5 3. Nd2 Nf6 4. e5 Nfd7 5. c3 c5 6. Bd3 Nc6 7. Ne2 Qb6 8. Nf3 cxd4 9. cxd4 Be7 10. 0-0 f6 11. Nf4 Nd8 12. Nh4 f5 13. Qh5+ Nf7 14. Nxf5 exf5 15. e6 g6 16. Nxg6 hxg6 17. exf7+ Kxf7 18. Qxh8 Bf6 19. Qh7+ Bg7 20. Bh6 Qxd4 21. Qxg7+ Qxg7 22. Bxg7 Kxg7 23. Rac1 Ne5 24. Rc7+ Kf6 25. Be2 b6 26. f4 Nf7 27. Bf3 Be6 28. Rd1 a5 29. Bxd5 Bxd5 30. Rxd5 b5 31. Rxb5 Rd8 32. Rb6+ Kg7 33. Rbb7 Rf8 34. Kf2 Kf6 35. Rxf7+ Rxf7 36. Rxf7+ Kxf7 37. Ke3 Ke6 38. Kd4 a4 39. b4 axb3 40. axb3 Kd6 41. b4 Ke6 42. Kc5 Kd7 43. Kb6 Kd6 44. Ka6 Kd5 45. b5 Ke4 46. b6 Kxf4 47. b7 Kg4 48. b8Q f4 49. Qb3 g5 50. Qh3# 1-0

[Event "Vecindario Montalvo Memorial 14th"]
[Site "Vecindario"]
[Date "2022.09.10"]
[Round "8"]
[White "Blanco Garcia Bajo, David"]
[Black "Gonzalez Sastron, Pablo"]
[Result "1/2-1/2"]
[WhiteElo "1446"]
[BlackElo "1592"]
[PlyCount "56"]
[EventDate "2022.09.04"]
[EventType "swiss"]
[EventRounds "9"]
[EventCountry "ESP"]
[SourceTitle "CBM 210 Extra"]
[Source "ChessBase"]
[SourceDate "2022.11.30"]
[SourceVersion "1"]
[SourceVersionDate "2022.11.30"]
[SourceQuality "1"]

1. e4 e6 2. d4 d5 3. exd5 exd5 4. Nf3 Bd6 5. c4 Nf6 6. Nc3 Nbd7 7. c5 Be7 8. Bd3 0-0 9. 0-0 b6 10. c6 Nb8 11. Qa4 a5 12. a3 Ba6 13. Bxa6 Rxa6 14. Bg5 Ne4 15. Nxe4 dxe4 16. Bxe7 Qxe7 17. Ne5 Rd8 18. Rfe1 b5 19. Qxb5 Rb6 20. Qc4 Qe6 21. Qxe6 fxe6 22. Rxe4 Nxc6 23. Nxc6 Rxc6 24. f3 Rc2 25. Rxe6 Rxd4 26. Rae1 Rdd2 27. Re8+ Kf7 28. R8e7+ Kf8 1/2-1/2

[Event "Vecindario Montalvo Memorial 14th"]
[Site "Vecindario"]
[Date "2022.09.09"]
[Round "7"]
[White "Rivero Tacoronte, Gabriel"]
[Black "Blanco Garcia Bajo, David"]
[Result "0-1"]
[WhiteElo "1378"]
[BlackElo "1446"]
[PlyCount "54"]
[EventDate "2022.09.04"]
[EventType "swiss"]
[EventRounds "9"]
[EventCountry "ESP"]
[SourceTitle "CBM 210 Extra"]
[Source "ChessBase"]
[SourceDate "2022.11.30"]
[SourceVersion "1"]
[SourceVersionDate "2022.11.30"]
[SourceQuality "1"]

1. d4 f5 2. e4 fxe4 3. Nc3 Nf6 4. Bg5 g6 5. h4 d5 6. h5 Bg7 7. h6 Bf8 8. f3 exf3 9. Nxf3 Bg4 10. Qd2 Bxf3 11. gxf3 c6 12. Bh3 Nbd7 13. 0-0-0 Qa5 14. Qf4 0-0-0 15. Be6 Qc7 16. Qe3 Nh5 17. Na4 b6 18. Rd3 Kb7 19. Rb3 Ka8 20. Ra3 Ng3 21. Bf4 Qxf4 22. Qxf4 Ne2+ 23. Kd2 Nxf4 24. Bxd7 Kb7 25. Bg4 e5 26. Re3 exd4 27. Ree1 Bd6 0-1

[Event "Vecindario Montalvo Memorial 14th"]
[Site "Vecindario"]
[Date "2022.09.04"]
[Round "1"]
[White "Villegas, Pierre"]
[Black "Blanco Garcia Bajo, David"]
[Result "1-0"]
[WhiteElo "2232"]
[BlackElo "1446"]
[PlyCount "53"]
[EventDate "2022.09.04"]
[EventType "swiss"]
[EventRounds "9"]
[EventCountry "ESP"]
[SourceTitle "CBM 210 Extra"]
[Source "ChessBase"]
[SourceDate "2022.11.30"]
[SourceVersion "1"]
[SourceVersionDate "2022.11.30"]
[SourceQuality "1"]

1. d4 f5 2. Nc3 Nf6 3. Bg5 e6 4. e4 Be7 5. e5 Nd5 6. Bxe7 Qxe7 7. Nxd5 exd5 8. c3 d6 9. f4 dxe5 10. fxe5 Be6 11. Nf3 g5 12. Qd2 h6 13. h4 g4 14. Ng1 Nd7 15. Ne2 0-0-0 16. Nf4 Qf7 17. Bd3 h5 18. Rf1 Rdf8 19. Qc2 Nb6 20. Nxe6 Qxe6 21. Bxf5 Rxf5 22. Qxf5 Qxf5 23. Rxf5 Nc4 24. Ke2 Nxb2 25. Raf1 Kd7 26. Rf8 Rh6 27. R1f7+ 1-0

[Event "ESP-ch U12 Rapid"]
[Site "Salobrena"]
[Date "2022.07.16"]
[Round "4"]
[White "Marin Ferragut, Pau"]
[Black "Blanco Garcia Bajo, David"]
[Result "1-0"]
[WhiteElo "1874"]
[BlackElo "1316"]
[PlyCount "115"]
[EventDate "2022.07.09"]
[EventType "swiss (rapid)"]
[EventRounds "9"]
[EventCountry "ESP"]
[SourceTitle "EXT 2023"]
[Source "ChessBase"]
[SourceDate "2022.10.05"]
[SourceVersion "1"]
[SourceVersionDate "2022.10.05"]
[SourceQuality "1"]

1. e4 e6 2. d4 d5 3. Nd2 dxe4 4. Nxe4 Bd7 5. Nf3 Bc6 6. Neg5 Bd6 7. Bd3 h6 8. Ne4 Nf6 9. Nxd6+ cxd6 10. 0-0 Be4 11. Bxe4 Nxe4 12. Qe2 d5 13. Bf4 0-0 14. Ne5 Nc6 15. f3 Nf6 16. c3 Nd7 17. Nd3 a6 18. a4 Na5 19. Qf2 b5 20. Qg3 Qf6 21. Bd6 Rfc8 22. Ne5 Nxe5 23. Bxe5 Qg5 24. Qf2 Nc4 25. f4 Qf5 26. axb5 f6 27. b3 fxe5 28. bxc4 axb5 29. cxb5 Rxa1 30. Rxa1 exf4 31. b6 Rb8 32. Qb2 f3 33. Rf1 Qd3 34. Rxf3 Qa6 35. Qb4 Rxb6 36. Qf8+ Kh7 37. h4 Rb7 38. h5 Qa1+ 39. Kh2 Qe1 40. Rf4 Qe2 41. Qe8 Qe3 42. Qg6+ Kg8 43. Rf3 Qe1 44. Rg3 Kf8 45. Qh7 Rf7 46. Qh8+ Ke7 47. Qb8 Qe4 48. Qc7+ Kf6 49. Rf3+ Qxf3 50. Qe5+ Ke7 51. gxf3 Kd7 52. Kg3 Ke7 53. f4 Kd7 54. Kg4 Ke7 55. f5 Rxf5 56. Qxg7+ Kd6 57. Qxh6 Rf1 58. Qf4+ 1-0

[Event "Gran Canaria Cabildo Cup"]
[Site "Gran Canaria"]
[Date "2022.04.14"]
[Round "6"]
[White "Blanco Garcia Bajo, David"]
[Black "Cabrera Martel, Isaac"]
[Result "1-0"]
[WhiteElo "1255"]
[BlackElo "1498"]
[PlyCount "33"]
[EventDate "2022.04.10"]
[EventType "swiss"]
[EventRounds "7"]
[EventCountry "ESP"]
[SourceTitle "CBM 207 Extra"]
[Source "ChessBase"]
[SourceDate "2022.05.31"]
[SourceVersion "1"]
[SourceVersionDate "2022.05.31"]
[SourceQuality "1"]

1. e4 e5 2. Nf3 Nc6 3. d4 exd4 4. Bc4 Nf6 5. e5 d5 6. Bb5 Ne4 7. Nxd4 Bc5 8. Nxc6 Bxf2+ 9. Kf1 Bd7 10. Qxd5 Bxc6 11. Bxc6+ bxc6 12. Qxc6+ Ke7 13. Qxe4 Qd1+ 14. Kxf2 Qxh1 15. Bg5+ Ke6 16. Qc6+ Kf5 17. g4+ 1-0